| 000 | 01143nam0a2200349 4500 | ||
|---|---|---|---|
| 001 | RU\NLR\bibl\83613 | ||
| 005 | 20260409074259.0 | ||
| 010 |
_a5-8183-0079-Х _97000 |
||
| 021 |
_aRU _b1999-44707 _92200 |
||
| 035 | _a(NLR Aleph) 000081663 | ||
| 090 |
_a454938 _c454938 |
||
| 100 | _a20000503d1999 u y0rusy50 ca | ||
| 101 | 1 |
_arus _ceng |
|
| 102 | _aRU | ||
| 105 | _ay ||||||||| | ||
| 200 | 1 |
_aЖизнь после потери _fБоб Дейтс _g[Пер. с англ. В. Челноковой] |
|
| 210 |
_aМ. _cГРАНД _cФАИР-ПРЕСС _d1999 |
||
| 215 |
_a299,[1] с. _d20 |
||
| 300 | _aЗагл. и авт. ориг.: Life after loss / Bob Deits | ||
| 454 | 0 |
_12001#$aLife after loss$fBob Deits _tLife after loss |
|
| 606 |
_aГоре (психол.) _3RU\NLR\auth\661291620 _92143433 |
||
| 606 | 0 |
_aПсихотерапия _9915280 _3RU\NLR\auth\6615398 |
|
| 686 | _aЮ935.216 | ||
| 686 | _aЮ948.1-82 | ||
| 700 | 1 |
_aДейтс _bБ. _gБоб _4070 |
|
| 801 | 0 |
_aRU _bNLR _c20000503 _gPSBO |
|
| 801 | 1 |
_aRU _bNLR _c20000503 |
|
| 852 |
_aNLR _j2000-3/1992 |
||
| 942 | _cBOOK | ||
| 980 | _aNB | ||